| 000 | 01336nam a2200337 a 4500 | ||
|---|---|---|---|
| 001 | ebr5001422 | ||
| 003 | CaPaEBR | ||
| 006 | m u | ||
| 007 | cr cn||||||||| | ||
| 008 | 910823s1992 enk sb 000 0 eng | ||
| 010 | _z 91028658 | ||
| 020 | _z0415040515 | ||
| 040 |
_aCaPaEBR _cCaPaEBR |
||
| 035 | _a(OCoLC)179139862 | ||
| 050 | 1 | 4 |
_aJN1129.L32 _b.P48 1992eb |
| 082 | 0 | 4 |
_a324.24107/09 _220 |
| 100 | 1 |
_aPhillips, G. A. _q(Gordon Ashton), _d1942- |
|
| 245 | 1 | 4 |
_aThe rise of the Labour Party, 1893-1931 _h[electronic resource] / _cGordon Phillips. |
| 260 |
_aLondon ; _aNew York : _bRoutledge, _c1992. |
||
| 300 | _ax, 70 p. | ||
| 490 | 1 | _aLancaster pamphlets | |
| 504 | _aIncludes bibliographical references (p. 68-70). | ||
| 533 |
_aElectronic reproduction. _bPalo Alto, Calif. : _cebrary, _d2013. _nAvailable via World Wide Web. _nAccess may be limited to ebrary affiliated libraries. |
||
| 610 | 2 | 0 |
_aLabour Party (Great Britain) _xHistory. |
| 651 | 0 |
_aGreat Britain _xPolitics and government _y1837-1901. |
|
| 651 | 0 |
_aGreat Britain _xPolitics and government _y1901-1936. |
|
| 655 | 7 |
_aElectronic books. _2local |
|
| 710 | 2 | _aebrary, Inc. | |
| 830 | 0 | _aLancaster pamphlets. | |
| 856 | 4 | 0 |
_uhttp://site.ebrary.com/lib/rucke/Doc?id=5001422 _zAn electronic book accessible through the World Wide Web; click to view |
| 999 |
_c1189 _d1189 |
||